Statistics for Countries, US States, Capitals, Elements, 100 Most Common Words: A + x = B + C

Click here to take the quiz!

General Stats

  • This quiz has been taken 52 times
  • The average score is 23 of 40

Answer Stats

ANSWER% Correct
somaLia
95%
V
95%
O
86%
pakiSTan
86%
liMa
84%
limA
84%
laoS
76%
e
65%
GabOrOne
65%
inDiAnApolis
65%
u
65%
Niger
62%
ameriCium
57%
I
57%
pAlAu
57%
tuniS
57%
ceriuM
54%
L
51%
minneSota
51%
Minnesota
51%
Most
51%
OregOn
51%
sainT Paul
51%
v
51%
Gabon
49%
gOOd
49%
sPain
49%
tAke
49%
vIenna
49%
bAtOn rOuge
46%
e
46%
Over
46%
annapolIs
43%
iNto
41%
L
41%
NItrogeN
41%
dIlI
38%
aBout
35%
l
32%
santo doMinGo
32%

Score Distribution

Percentile by Number Answered

Percent of People with Each Score

Your Score History

You have not taken this quiz